00473nam a2200181 a 4500001001300000003000900013005001700022008004100039020001000080082001500090100001600105245005000121260003600171300000900207500003500216650002400251700001600275nice12345678IN_TiNIC20260116011858.0070319s1880 lasa grp 000 0 eng  ac10000a200.1bCAI aCaird, John aAn Introduction to the Philosophy of Religion aLasgow bJames Maclehose c1880 a358p aincludes index and biblioraphy aReligion-Philosophy1 aCaird, John